Cadogan v Sportelli Lands Tribunal (Record no. 106243)

MARC details
000 -LEADER
fixed length control field 01215cam a2200241 4500
001 - CONTROL NUMBER
control field L135920
008 - FIXED-LENGTH DATA ELEMENTS--GENERAL INFORMATION
fixed length control field 061218n2006 000 0 eng u
035 ## - SYSTEM CONTROL NUMBER
System control number (Sirsi) u135920
041 0# - LANGUAGE CODE
Language code of text/sound track or separate title eng
110 2# - MAIN ENTRY--CORPORATE NAME
Corporate name or jurisdiction name as entry element Leasehold Advisory Service
9 (RLIN) 3510
245 00 - TITLE STATEMENT
Title Cadogan v Sportelli Lands Tribunal
Remainder of title 15th September 2006
260 ## - PUBLICATION, DISTRIBUTION, ETC.
Place of publication, distribution, etc. London
Name of publisher, distributor, etc. Leasehold Advisory Service
Date of publication, distribution, etc. 2006
520 ## - SUMMARY, ETC.
Summary, etc. Discusses the decision by the Tribunal to confirm deferment rates at 5% for flats and 4.75% for houses. It is intended by the Tribunal that the ruling should be accepted as a guideline to be followed by valuers and Leasehold Valuation Tribunals. The Land Tribunal found no justification for variation of the rate in respect of length of term, location or condition.
590 ## - LOCAL NOTE (RLIN)
Local note KA
650 24 - SUBJECT ADDED ENTRY--TOPICAL TERM
Topical term or geographic name entry element EARL CADOGAN AND ANOTHER V SPORTELLI AND ANOTHER
650 24 - SUBJECT ADDED ENTRY--TOPICAL TERM
Topical term or geographic name entry element LEASEHOLD REFORM ACT 1967 S6
650 24 - SUBJECT ADDED ENTRY--TOPICAL TERM
Topical term or geographic name entry element LEASEHOLD REFORM ACT 1967 S9
650 24 - SUBJECT ADDED ENTRY--TOPICAL TERM
Topical term or geographic name entry element LEASEHOLD REFORM ACT 1967 S13
651 #4 - SUBJECT ADDED ENTRY--GEOGRAPHIC NAME
Geographic name England and Wales
Chronological subdivision 1543-
690 ## - LOCAL SUBJECT ADDED ENTRY--TOPICAL TERM (OCLC, RLIN)
Topical term or geographic name as entry element PROPERTY-LEASEHOLD PROPERTY-LANDLORD AND TENANT-LEASES
856 40 - ELECTRONIC LOCATION AND ACCESS
Uniform Resource Identifier <a href="https://www.lease-advice.org/sportelliframe.htm">https://www.lease-advice.org/sportelliframe.htm</a>
Public note View the item free of charge at www.lease-advice.org...
942 ## - ADDED ENTRY ELEMENTS (KOHA)
Suppress in OPAC 0
Holdings
Withdrawn status Lost status Source of classification or shelving scheme Damaged status Not for loan Home library Current library Shelving location Date acquired Total Checkouts Full call number Barcode Date last seen Copy number Price effective from Koha item type
    Dewey Decimal Classification     Virtual Virtual Online 18/12/2006   ONLINE PUBLICATION 135920-1001 06/08/2019 1 06/08/2019 Book